000 00352 a2200109 4500
001 ART_28331
005 20260410161941.0
008 260409a
245 1 0 _aEvaluación del lucro cesante en el nuevo Código Civil y Comerciante
100 1 _aCurutchet, Eduardo
773 0 _tTemas de derecho laboral
_g- Nº 3 (mar. 2015)
_wREV27619
999 _c29514
_d29514